<?xml version="1.0" encoding="UTF-8"?>
<record
    xmlns:xsi="http://www.w3.org/2001/XMLSchema-instance"
    xsi:schemaLocation="http://www.loc.gov/MARC21/slim http://www.loc.gov/standards/marcxml/schema/MARC21slim.xsd"
    xmlns="http://www.loc.gov/MARC21/slim">

  <leader>01530nam a22002537a 4500</leader>
  <controlfield tag="005">20120910114846.0</controlfield>
  <datafield tag="010" ind1=" " ind2=" ">
    <subfield code="a">B-463872-876</subfield>
  </datafield>
  <datafield tag="020" ind1=" " ind2=" ">
    <subfield code="a">9788180280283</subfield>
    <subfield code="c">425.00</subfield>
  </datafield>
  <datafield tag="035" ind1=" " ind2=" ">
    <subfield code="a">B-463872-876</subfield>
  </datafield>
  <datafield tag="037" ind1=" " ind2=" ">
    <subfield code="a">dpl</subfield>
    <subfield code="b">Blueberry Pub/Ven</subfield>
  </datafield>
  <datafield tag="082" ind1=" " ind2=" ">
    <subfield code="a">915.421</subfield>
  </datafield>
  <datafield tag="100" ind1=" " ind2=" ">
    <subfield code="a">Gupta, Prosenjit Das</subfield>
    <subfield code="9">52302</subfield>
  </datafield>
  <datafield tag="245" ind1=" " ind2=" ">
    <subfield code="a">After elwin:</subfield>
    <subfield code="b">encounters with tribal life in central India/</subfield>
    <subfield code="c">by Prosenjit Das Gupta</subfield>
  </datafield>
  <datafield tag="260" ind1=" " ind2=" ">
    <subfield code="a">New Delhi</subfield>
    <subfield code="b">Chronicle Books</subfield>
    <subfield code="c">2007</subfield>
  </datafield>
  <datafield tag="270" ind1=" " ind2=" ">
    <subfield code="a">S-7&amp;8, Green Park Main Market,</subfield>
    <subfield code="b">New Delhi</subfield>
    <subfield code="e">110016</subfield>
  </datafield>
  <datafield tag="300" ind1=" " ind2=" ">
    <subfield code="a">xi 175p.</subfield>
    <subfield code="c">22cm.</subfield>
  </datafield>
  <datafield tag="942" ind1=" " ind2=" ">
    <subfield code="2">ddc</subfield>
    <subfield code="c">EN</subfield>
    <subfield code="m">GUP</subfield>
    <subfield code="h">915.421</subfield>
  </datafield>
  <datafield tag="999" ind1=" " ind2=" ">
    <subfield code="c">69824</subfield>
    <subfield code="d">69824</subfield>
  </datafield>
  <datafield tag="952" ind1=" " ind2=" ">
    <subfield code="0">0</subfield>
    <subfield code="1">0</subfield>
    <subfield code="4">0</subfield>
    <subfield code="7">0</subfield>
    <subfield code="8">NFIC</subfield>
    <subfield code="a">L</subfield>
    <subfield code="b">L</subfield>
    <subfield code="d">2012-09-13</subfield>
    <subfield code="e">7876/8.02.2012/17/16.01.2012/17.02.2012</subfield>
    <subfield code="g">425.00</subfield>
    <subfield code="l">1</subfield>
    <subfield code="o">915.421 GUP</subfield>
    <subfield code="p">B-463872</subfield>
    <subfield code="r">2018-06-23 00:00:00</subfield>
    <subfield code="s">2018-06-07</subfield>
    <subfield code="t">1</subfield>
    <subfield code="w">2012-09-13</subfield>
    <subfield code="y">EN</subfield>
  </datafield>
  <datafield tag="952" ind1=" " ind2=" ">
    <subfield code="0">0</subfield>
    <subfield code="1">0</subfield>
    <subfield code="4">0</subfield>
    <subfield code="7">0</subfield>
    <subfield code="8">NFIC</subfield>
    <subfield code="a">BL1</subfield>
    <subfield code="b">BL1</subfield>
    <subfield code="d">2012-09-13</subfield>
    <subfield code="e">7876/8.02.2012/17/16.01.2012/17.02.2012</subfield>
    <subfield code="g">425.00</subfield>
    <subfield code="l">0</subfield>
    <subfield code="o">915.421 GUP</subfield>
    <subfield code="p">B-463873</subfield>
    <subfield code="r">2012-09-13 00:00:00</subfield>
    <subfield code="t">1</subfield>
    <subfield code="w">2012-09-13</subfield>
    <subfield code="y">EN</subfield>
  </datafield>
  <datafield tag="952" ind1=" " ind2=" ">
    <subfield code="0">0</subfield>
    <subfield code="1">0</subfield>
    <subfield code="4">0</subfield>
    <subfield code="7">0</subfield>
    <subfield code="8">NFIC</subfield>
    <subfield code="a">ZLS</subfield>
    <subfield code="b">ZLS</subfield>
    <subfield code="d">2012-09-13</subfield>
    <subfield code="e">7876/8.02.2012/17/16.01.2012/17.02.2012</subfield>
    <subfield code="g">425.00</subfield>
    <subfield code="l">0</subfield>
    <subfield code="o">915.421 GUP</subfield>
    <subfield code="p">B-463874</subfield>
    <subfield code="r">2012-09-13 00:00:00</subfield>
    <subfield code="t">1</subfield>
    <subfield code="w">2012-09-13</subfield>
    <subfield code="y">EN</subfield>
  </datafield>
  <datafield tag="952" ind1=" " ind2=" ">
    <subfield code="0">0</subfield>
    <subfield code="1">0</subfield>
    <subfield code="4">0</subfield>
    <subfield code="7">0</subfield>
    <subfield code="8">NFIC</subfield>
    <subfield code="a">BL3</subfield>
    <subfield code="b">BL3</subfield>
    <subfield code="d">2012-09-13</subfield>
    <subfield code="e">7876/8.02.2012/17/16.01.2012/17.02.2012</subfield>
    <subfield code="g">425.00</subfield>
    <subfield code="l">0</subfield>
    <subfield code="o">915.421 GUP</subfield>
    <subfield code="p">B-463875</subfield>
    <subfield code="r">2012-09-13 00:00:00</subfield>
    <subfield code="t">1</subfield>
    <subfield code="w">2012-09-13</subfield>
    <subfield code="y">EN</subfield>
  </datafield>
  <datafield tag="952" ind1=" " ind2=" ">
    <subfield code="0">0</subfield>
    <subfield code="1">0</subfield>
    <subfield code="4">0</subfield>
    <subfield code="7">0</subfield>
    <subfield code="8">NFIC</subfield>
    <subfield code="a">BL4</subfield>
    <subfield code="b">BL4</subfield>
    <subfield code="d">2012-09-13</subfield>
    <subfield code="e">7876/8.02.2012/17/16.01.2012/17.02.2012</subfield>
    <subfield code="g">425.00</subfield>
    <subfield code="l">1</subfield>
    <subfield code="o">915.421 GUP</subfield>
    <subfield code="p">B-463876</subfield>
    <subfield code="r">2022-02-03 00:00:00</subfield>
    <subfield code="s">2022-01-18</subfield>
    <subfield code="t">1</subfield>
    <subfield code="w">2012-09-13</subfield>
    <subfield code="y">EN</subfield>
  </datafield>
</record>
